Statistics for Countries Bordering Laos (with an empty map)

Click here to take the quiz!

General Stats

  • This quiz has been taken 472 times
  • The average score is 5 of 5

Answers on the Map

Answers color-coded by a green-red scale on the quiz's map according to % correct below.
 

Answer Stats

Country% Correct
China
99%
Vietnam
99%
Cambodia
98%
Thailand
98%
Myanmar
97%

Score Distribution

Percentile by Number Answered

Percent of People with Each Score

Your Score History

You have not taken this quiz